Normal view
MARC view
- Shahid, Syed Maaz. (TE-48)
Entry Personal Name
001 - CONTROL NUMBER
- control field: 132506
003 - CONTROL NUMBER IDENTIFIER
- control field: NUST
005 - DATE AND TIME OF LATEST TRANSACTION
- control field: 20251219143247.0
008 - FIXED-LENGTH DATA ELEMENTS
- fixed length control field: 251219|| aca||aabn | a|a d
040 ## - CATALOGING SOURCE
- Original cataloging agency: NUST
- Transcribing agency: NUST
100 ## - HEADING--PERSONAL NAME
- Personal name: Shahid, Syed Maaz. (TE-48)
670 ## - SOURCE DATA FOUND
- Source citation: Work cat.: (NUST)217248: Shahid, Syed Maaz. (TE-48) , IP Based Air Conditioner Universal Control Unit /, June 2015
